000
00288nam a22001337a 4500
008
170615b xxu||||| |||| 00| 0 eng d
020
_a
9780754643579
041
_a
eng
080
_a
94
100
_a
16
101
_a
SHH
245
_a
STRATEGIC PREEMPTION
_c
PAULY,R.J
942
_2
udc
_c
BK
999
_c
17504
_d
17504